Представление документа в формате MARC21

Поле Инд. ПП Название Значение
Тип записи a
Библиографический уровень m
001 Контрольный номер 6722e83348544d0496283b48438d716d
005 Дата корректировки 20260522123902.8
040 a Служба первич. каталог. 10013504
b Код языка каталог. rus
e Правила каталог. PSBO
041 0_ a Код языка текста rus
090 a Полочн. индекс Дис.
x Авторский знак Ш 96
r Идентификатор организации 10013504
100 1_ a Автор Шумаков Г.А.
q Полное имя Шумаков Геннадий Александрович
245 10 a Заглавие Исследование основных погрешностей частотного метода контроля толщины пленки
b Продолж. заглавия приложение к диссертации ... кандидата технических наук
c Ответственность науч. рук. В.С. Локтаев ; МАТИ
260 a Место издания Москва
c Дата издания 1967
300 a Объем 27 с.
b Иллюстрации/ тип воспроизводства ил.
500 a Примечание Для служебного пользования - Гриф ДСП снят
653 0_ a Ключевые слова ДИССЕРТАЦИИ; АВТОР МАТИ; ЧАСТОТНЫЙ МЕТОД КОНТРОЛЯ; ПЛЕНКИ; ПОГРЕШНОСТИ
700 12 a Другие авторы Локтаев В.С.
q Полное имя Локтаев Владимир Степанович
e Роль лиц Научный руководитель
901 t Тип документа d
952 a Тип литературы для КСУ ВШ КДНР
c Вид литературы диссертация